000 00566nam a2200181Ia 4500
008 151202s9999||||xx |||||||||||||| ||und||
082 _bPNVM-40420
100 _aजोशी अ.स.
245 _aपालखी सोहळा.
260 _b"इंद्रायणी साहित्य प्रकाशन,पुणे."
260 _c1994
300 _a100
600 _aजोशी अ.स.
630 _aपालखी सोहळा.
700 _aजोशी अ.स.
730 _aपालखी सोहळा.
942 _cBOOK
999 _c1306372
_d1306369